| 000 | 00748nam a2200217 a 4500 | ||
|---|---|---|---|
| 999 |
_c10385 _d10385 |
||
| 001 | 10385 | ||
| 003 | BD-JhCC | ||
| 005 | 20220612134023.0 | ||
| 008 | 180425s2015 bg |||| ||a| 000 0 ben d | ||
| 035 | _a(BD-JhCC)10385 | ||
| 040 |
_aBD-JhCC _dBD-JhCC |
||
| 041 | _aben | ||
| 082 |
_a297 _bMAB 2015 |
||
| 100 | _aমাবুদ, মুহাম্মদ আবদুল | ||
| 245 |
_aরাসূলুল্লার শিক্ষাদান পদ্ধতি / _cমুহাম্মদ আবদুল মাবুদ, |
||
| 260 |
_aঢাকা : _bবাংলাদেশ ইসলামিক সেন্টার, _c2015 |
||
| 300 |
_a394 p. : _c22 cm. |
||
| 650 | _aIslamic Education | ||
| 942 |
_2ddc _cBK _04 |
||